000 00702nam a22002177a 4500
999 _c11434
_d11434
003 AR-CdUCM
008 190404b ||||| |||| 00| 0 spa d
040 _aMUNICIPALIDAD PROVINCIAL DEL CUSCO
_cBIBLIOTECA MUNICIPAL DEL CUSCO
082 _a848.71 /
_bW68 / 1946
100 _aWilde, Oscar
_91401
245 _aDe profundis /
260 _aBuenos Aires :
_bTor,
_c1946.
300 _a173 páginas ;
_c18 cm.
505 _aContenido : De profundis -- Balada de la cárcel de reading -- El caso del vigilante Martín ...
650 _aLiteratura
_983
650 _aArgentina
_9511
650 _aLatinoamericana
_95799
700 _aVasseur, A. A.
_928794
942 _2ddc
_cLIBROS
945 _arah